000 00687nam a2200181Ia 4500
008 100920s9999 xx 000 0 und d
082 _b88320
_a491.462 थ 29
100 _aजोशी महादेव नारायण.
245 _aसंगीत गिरणीवाला / मालक मजूर.
260 _bगेाखले ग.का., पुणे.
_c1929
300 _a113
_bसाधी
365 _b0.75
520 _aनाटक.
630 _aसंगीत गिरणीवाला / मालक मजूर.
650 _aनाटक.
730 _aसंगीत गिरणीवाला / मालक मजूर.
942 _cBOOK
999 _c728825
_d728822